面積が大きい国々 - Statistics

General Stats
  • This quiz has been taken 4,279 times
  • The average score is 15 of 20
Answer Stats
面積(㎢) % Correct
17,098,242 ロシア
100%
9,526,468 アメリカ合衆国
100%
9,984,670 カナダ
99%
9,640,821 中国
99%
8,514,877 ブラジル
97%
3,287,590 インド
96%
7,692,024 オーストラリア
93%
2,780,400 アルゼンチン
86%
1,964,375 メキシコ
83%
2,724,900 カザフスタン
82%
1,564,110 モンゴル
80%
2,149,690 サウジアラビア
78%
1,904,569 インドネシア
78%
2,381,741 アルジェリア
71%
1,648,195 イラン
66%
2,344,858 コンゴ民主共和国
57%
1,886,068 スーダン
52%
1,759,540 リビア
49%
1,284,000 チャド
36%
1,285,216 ペルー
33%
No matching quizzes found
Score Distribution
Percent of People with Each Score
Percentile by Number Answered
Your Score History
You have not taken this quiz